Dynamic modeling for business management : an introduction /
Guardado en:
| Autor Principal: | |
|---|---|
| Otros Autores: | |
| Formato: | Libro |
| Idioma: | English |
| Publicado: |
New York :
Springer,
c2004.
|
| Series: | Modeling dynamic systems.
|
| Materias: | |
| Acceso en línea: | Resumen (en inglés) Tabla de contenidos (en inglés) |
| Etiquetas: |
Agregar Etiqueta
Sin Etiquetas, Sea el primero en etiquetar este registro!
|
| LEADER | 01529cam a22003255a 4500 | ||
|---|---|---|---|
| 001 | EAD.ead001682 | ||
| 008 | 030529s2004####nyua#####b####001#0#eng## | ||
| 005 | 20241205162151.0 | ||
| 245 | 1 | 0 | |a Dynamic modeling for business management : |b an introduction / |c Bernard McGarvey, Bruce Hannon. |
| 260 | |a New York : |b Springer, |c c2004. | ||
| 300 | |a xiv, 308 p. : |b il. ; |c 24 cm. + |e 1 CD-ROM. | ||
| 490 | 0 | |a Modeling dynamic systems | |
| 504 | |a Incluye referencias bibliográficas (p. 295-297) e índice. | ||
| 538 | |a Requerimientos del sistema: 233 MHz Pentium (o superior); MS Windows 95/98/NT/2000/XP; 64 MB RAM o más; 70 MB espacio en disco duro; color, 16 bit (o más); placa de sonido compatible Soundblaster; QuickTime 4.0. | ||
| 020 | |a 0387404619 (cloth : alk. paper) | ||
| 100 | 1 | |a McGarvey, Bernard. | |
| 700 | 1 | |a Hannon, Bruce M. | |
| 830 | 0 | |a Modeling dynamic systems. | |
| 082 | 0 | |a 519.7/03 |2 21 | |
| 082 | 0 | 4 | |a 658.4035 |2 21 |
| 650 | 7 | |a Análisis de sistemas. |2 unbist | |
| 653 | |a Modelado de procesos | ||
| 650 | 7 | |a Simulación por computadora. |2 unbist | |
| 010 | |a 2003054794 | ||
| 040 | |a DLC |c DLC |d DLC | ||
| 050 | 0 | 0 | |a HD30.25 |b .M27 2004 |
| 856 | 4 | 2 | |3 Resumen (en inglés) |u http://www.loc.gov/catdir/enhancements/fy0813/2003054794-d.html |
| 856 | 4 | 2 | |3 Tabla de contenidos (en inglés) |u http://www.loc.gov/catdir/enhancements/fy0813/2003054794-t.html |
| 859 | |a AR-BaBDC |b BIB. ADMINISTRACION - Libros |h 658.4035 |i M171 |p b06012 | ||
| 859 | |a AR-BaBDC |b BIB. ADMINISTRACION - Libros |h 658.4035 |i M171 |p b06013 |v CD |3 CD-ROM | ||
